[Event "Wch U12"]
[Site "Weifang"]
[Date "2019.09.01"]
[Round "11"]
[White "Volkov, Maksim"]
[Black "Erkhes, Bayarbat"]
[Result "1-0"]
[WhiteElo "1969"]
[BlackElo "1819"]
[PlyCount "61"]
[EventDate "2019.08.21"]
[EventType "swiss"]
[EventRounds "11"]
[EventCountry "CHN"]
[SourceTitle "EXT 2020"]
[Source "ChessBase"]
[SourceDate "2019.10.17"]
[SourceVersion "1"]
[SourceVersionDate "2019.10.17"]
[SourceQuality "1"]

1. Nf3 d5 2. e3 c6 3. c4 Nf6 4. Nc3 e6 5. b3 Nbd7 6. Bb2 g6 7. d4 Bg7 8. Bd3 0-0 9. 0-0 c5 10. cxd5 Nxd5 11. Nxd5 exd5 12. Rc1 Re8 13. Qc2 b6 14. Bb5 Qf6 15. Ba1 Qe7 16. dxc5 Bxa1 17. Rxa1 bxc5 18. Rac1 Qe4 19. Bxd7 Bxd7 20. Qxc5 Bh3 21. Qd4 Qf5 22. Qh4 Bg4 23. Nd4 Qd7 24. h3 Bf5 25. Qf6 Be6 26. Rc5 Rec8 27. b4 Rxc5 28. bxc5 Qd8 29. Qe5 Qb8 30. Qf6 Qc8 31. c6 1-0

[Event "Belt and Road Hunan op-C"]
[Site "Changsha"]
[Date "2019.08.01"]
[Round "7"]
[White "Erkhes, Bayarbat"]
[Black "Cai, Yang"]
[Result "1-0"]
[WhiteElo "1819"]
[BlackElo "1605"]
[PlyCount "44"]
[EventDate "2019.07.29"]
[EventType "swiss"]
[EventRounds "9"]
[EventCountry "CHN"]
[SourceTitle "EXT 2020"]
[Source "ChessBase"]
[SourceDate "2019.10.17"]
[SourceVersion "1"]
[SourceVersionDate "2019.10.17"]
[SourceQuality "1"]

1. e4 c5 2. Nf3 d6 3. Bb5+ Bd7 4. Bxd7+ Qxd7 5. c4 g6 6. d4 cxd4 7. Nxd4 Nf6 8. Nc3 Bg7 9. b3 Nc6 10. Bb2 0-0 11. 0-0 Rfc8 12. Re1 a6 13. Nd5 Nxd5 14. exd5 Nxd4 15. Bxd4 Bxd4 16. Qxd4 b5 17. Qh4 Rc7 18. Re4 bxc4 19. bxc4 Rac8 20. Rae1 Qa4 21. c5 Qxa2 22. cxd6 exd6 1-0

[Event "Belt and Road Hunan op-C"]
[Site "Changsha"]
[Date "2019.07.31"]
[Round "5"]
[White "Zhou, Hao"]
[Black "Erkhes, Bayarbat"]
[Result "1-0"]
[WhiteElo "1930"]
[BlackElo "1819"]
[PlyCount "89"]
[EventDate "2019.07.29"]
[EventType "swiss"]
[EventRounds "9"]
[EventCountry "CHN"]
[SourceTitle "EXT 2020"]
[Source "ChessBase"]
[SourceDate "2019.10.17"]
[SourceVersion "1"]
[SourceVersionDate "2019.10.17"]
[SourceQuality "1"]

1. e4 e5 2. Nf3 Nc6 3. Bb5 a6 4. Ba4 Nf6 5. d3 d6 6. c3 Be7 7. 0-0 0-0 8. Nbd2 b5 9. Bc2 Bb7 10. Re1 Re8 11. Nf1 Bf8 12. Ng3 g6 13. d4 Bg7 14. d5 Nb8 15. a4 c6 16. dxc6 Nxc6 17. Bd3 bxa4 18. Qxa4 Nd7 19. b4 Nb6 20. Qb3 Qc7 21. Be3 Ne7 22. Bxb6 Qxb6 23. Bc4 Rf8 24. Ng5 h6 25. Bxf7+ Kh8 26. Nf3 Rad8 27. Rad1 Qc7 28. Be6 Rf4 29. c4 Nc6 30. Bd5 Rdf8 31. c5 R8f6 32. h4 Bc8 33. Bxc6 Qxc6 34. Qd5 dxc5 35. bxc5 Qe8 36. Qxe5 Qf7 37. Qd5 Rxf3 38. gxf3 Rxf3 39. Re2 Bg4 40. Rd3 Qf4 41. Red2 Be5 42. Nf1 g5 43. hxg5 Qxg5 44. Ng3 Bxg3 45. fxg3 1-0

[Event "Eastern Asia-ch zt 3.3"]
[Site "Ulaanbaatar"]
[Date "2019.04.11"]
[Round "5"]
[White "Erkhes, Bayarbat"]
[Black "Gerelt Od, Boldbaatar"]
[Result "1/2-1/2"]
[WhiteElo "1778"]
[BlackElo "1484"]
[PlyCount "146"]
[EventDate "2019.04.07"]
[EventType "swiss"]
[EventRounds "9"]
[EventCountry "MGL"]
[SourceTitle "CBM 189 Extra"]
[Source "ChessBase"]
[SourceDate "2019.06.03"]
[SourceVersion "1"]
[SourceVersionDate "2019.06.03"]
[SourceQuality "1"]

1. e4 c5 2. Nf3 Nc6 3. Bb5 g6 4. 0-0 Bg7 5. Re1 e5 6. d3 Qe7 7. Nc3 a6 8. Bxc6 dxc6 9. Be3 Nf6 10. a4 Nd7 11. a5 0-0 12. Nd2 b5 13. axb6 Nxb6 14. Ra5 Nd7 15. Nb3 Rb8 16. Qa1 f5 17. Bxc5 Nxc5 18. Nxc5 f4 19. f3 g5 20. Nb3 g4 21. Qd1 g3 22. h3 Rf6 23. Ne2 Rh6 24. Nec1 Qh4 25. Qe2 Qg5 26. Qf1 Bf6 27. d4 Rh4 28. dxe5 Bd8 29. Qc4+ Kh8 30. Qf7 Be7 31. e6 Qf6 32. Qxf6+ Bxf6 33. Rf5 Kg7 34. e5 Bd8 35. Nd3 Bxe6 36. Rxf4 Bxb3 37. Rxh4 Bxh4 38. cxb3 Rxb3 39. Rd1 Bd8 40. Kf1 Bb6 41. Ke2 Bd4 42. f4 c5 43. Rc1 h5 44. Rc2 h4 45. Rc4 Kg6 46. Kd2 a5 47. Kc2 Rb5 48. b3 Kf5 49. Ra4 Ke6 50. Ne1 Kf5 51. Nd3 Ke4 52. Nc1 Kf5 53. Ne2 Be3 54. Nc3 Rb7 55. Rxa5 Rd7 56. Nb1 Kxf4 57. Ra4+ Bd4 58. b4 cxb4 59. Rxb4 Kxe5 60. Nd2 Rf7 61. Rb5+ Kf4 62. Kd3 Bf6 63. Rb4+ Kg5 64. Ne4+ Kh5 65. Rb5+ Kg6 66. Rb6 Kg7 67. Nxf6 Rxf6 68. Rxf6 Kxf6 69. Ke4 Ke6 70. Kf4 Kf6 71. Kg4 Ke5 72. Kxh4 Kf4 73. Kh5 Ke3 1/2-1/2

[Event "Asia-ch U20"]
[Site "Ulaanbaatar"]
[Date "2018.08.23"]
[Round "6"]
[White "Chinguun, Otgonbayar"]
[Black "Erkhes, Bayarbat"]
[Result "1-0"]
[WhiteElo "1952"]
[BlackElo "1762"]
[PlyCount "74"]
[EventDate "2018.08.19"]
[EventType "swiss"]
[EventRounds "9"]
[EventCountry "MGL"]
[SourceTitle "CBM 186 Extra"]
[Source "ChessBase"]
[SourceDate "2018.08.24"]
[SourceVersion "1"]
[SourceVersionDate "2018.08.24"]
[SourceQuality "1"]

1. d4 d5 2. c4 c6 3. Nc3 Nf6 4. e3 e6 5. Nf3 Nbd7 6. Bd3 dxc4 7. Bxc4 b5 8. Bd3 Bb7 9. 0-0 a6 10. a3 c5 11. Qe2 Qb6 12. Rd1 Be7 13. Bd2 0-0 14. Be1 Rac8 15. Rac1 Rfd8 16. Bb1 Nf8 17. dxc5 Bxc5 18. b4 Bd6 19. e4 e5 20. Bd2 Ne6 21. Be3 Nd4 22. Bxd4 exd4 23. Na2 Rxc1 24. Nxc1 Bb8 25. Nb3 Qc7 26. Nbxd4 Qd6 27. Bc2 Qc7 28. h3 Re8 29. e5 Nd5 30. Qd3 g6 31. g3 Qd7 32. Ne2 Qxh3 33. Bb3 Ne7 34. Bxf7+ Kf8 35. Bxe8 Qh5 36. Qd8 Bc7 37. Bxg6+ Bxd8 1-0

[Event "Wch U10"]
[Site "Batumi"]
[Date "2016.10.29"]
[Round "10"]
[White "Aditya, Mittal"]
[Black "Erkhes, Bayarbat"]
[Result "1-0"]
[WhiteElo "2144"]
[BlackElo "1612"]
[PlyCount "67"]
[EventDate "2016.10.19"]
[EventType "swiss"]
[EventRounds "11"]
[EventCountry "GEO"]
[SourceTitle "EXT 2018"]
[Source "ChessBase"]
[SourceDate "2017.10.13"]
[SourceVersion "1"]
[SourceVersionDate "2017.10.13"]
[SourceQuality "1"]

1. d4 d5 2. c4 c6 3. Nc3 Nf6 4. cxd5 cxd5 5. f3 Nc6 6. e4 e6 7. e5 Nd7 8. f4 Bb4 9. Nf3 0-0 10. Bd3 h6 11. 0-0 Nb6 12. a3 Be7 13. Be3 Bd7 14. Nd2 Rc8 15. Qh5 f5 16. Qf3 Be8 17. Ne2 Bg6 18. b4 Qe8 19. Rfc1 Bh5 20. Qf1 Qd7 21. Nb3 Bd8 22. Nc5 Qf7 23. Nc3 Rb8 24. Rcb1 Nc8 25. Bb5 N8e7 26. Ba4 b6 27. Na6 Rc8 28. Nb5 Ra8 29. Rc1 Qg6 30. Nd6 Nb8 31. Nc7 Bxc7 32. Rxc7 Nbc6 33. Bxc6 Nxc6 34. Rxc6 1-0

[Event "Wch U10"]
[Site "Batumi"]
[Date "2016.10.26"]
[Round "7"]
[White "Silich, Yahor"]
[Black "Erkhes, Bayarbat"]
[Result "1-0"]
[WhiteElo "1783"]
[BlackElo "1612"]
[PlyCount "33"]
[EventDate "2016.10.19"]
[EventType "swiss"]
[EventRounds "11"]
[EventCountry "GEO"]
[SourceTitle "CBM 175 Extra"]
[Source "ChessBase"]
[SourceDate "2016.12.12"]
[SourceVersion "1"]
[SourceVersionDate "2016.12.12"]
[SourceQuality "1"]

1. e4 e5 2. Nc3 Nc6 3. Bc4 Nf6 4. d3 h6 5. f4 d6 6. f5 Be7 7. h3 Nd7 8. Qg4 Bf6 9. Qh5 0-0 10. Nf3 Nd4 11. Kd1 c6 12. h4 Be7 13. Bxh6 Nf6 14. Qg6 Ne8 15. Bxg7 d5 16. Qh6 Bxf5 17. Qh8# 1-0

[Event "Ulaanbaatar Ikh Nuudel op"]
[Site "Ulaanbaatar"]
[Date "2016.10.03"]
[Round "7"]
[White "Tenuunbold, Battulga"]
[Black "Erkhes, Bayarbat"]
[Result "0-1"]
[WhiteElo "1170"]
[BlackElo "1612"]
[PlyCount "58"]
[EventDate "2016.09.29"]
[EventType "swiss"]
[EventRounds "9"]
[EventCountry "MGL"]
[SourceTitle "CBM 174 Extra"]
[Source "ChessBase"]
[SourceDate "2016.10.10"]
[SourceVersion "1"]
[SourceVersionDate "2016.10.10"]
[SourceQuality "1"]

1. e4 e5 2. Nf3 Nc6 3. Bc4 Bc5 4. c3 Nf6 5. d3 h6 6. Be3 Bb6 7. Nbd2 0-0 8. h3 d6 9. 0-0 Be6 10. Qe2 Qd7 11. Kh2 Rad8 12. Rad1 Rfe8 13. Rg1 d5 14. exd5 Nxd5 15. Bxb6 Nxb6 16. Bxe6 Qxe6 17. Nb3 Qd6 18. c4 e4+ 19. Kh1 exf3 20. Qxf3 Qf6 21. Qxf6 gxf6 22. Nc5 Re2 23. Nxb7 Rde8 24. Nc5 Rxb2 25. Ne4 Kg7 26. Nc3 Rxf2 27. Rdf1 Rxf1 28. Rxf1 Re3 29. Nb5 Rxd3 0-1

[Event "Ulaanbaatar Ikh Nuudel op"]
[Site "Ulaanbaatar"]
[Date "2016.10.01"]
[Round "4"]
[White "Ariunbuuvei, Badamdorj"]
[Black "Erkhes, Bayarbat"]
[Result "1-0"]
[WhiteElo "2192"]
[BlackElo "1612"]
[PlyCount "81"]
[EventDate "2016.09.29"]
[EventType "swiss"]
[EventRounds "9"]
[EventCountry "MGL"]
[SourceTitle "CBM 174 Extra"]
[Source "ChessBase"]
[SourceDate "2016.10.10"]
[SourceVersion "1"]
[SourceVersionDate "2016.10.10"]
[SourceQuality "1"]

1. d4 d5 2. Bg5 g6 3. Nf3 Bg7 4. h4 c5 5. c3 Qb6 6. Qb3 Nc6 7. e3 Nf6 8. Bb5 0-0 9. Bxc6 bxc6 10. Qxb6 axb6 11. Ne5 Bb7 12. Bxf6 exf6 13. Nd7 cxd4 14. Nxf8 dxc3 15. Nxc3 Kxf8 16. g4 c5 17. 0-0 Ke7 18. Rfd1 Ke6 19. Rd2 Rd8 20. Rad1 Bc6 21. Ne2 g5 22. b4 Bf8 23. Rc1 Kd7 24. Nc3 Kc7 25. b5 Bb7 26. Rcd1 d4 27. exd4 Bf3 28. dxc5 Bxd1 29. cxb6+ Kc8 30. b7+ Kxb7 31. Rxd8 Bxg4 32. Rxf8 Bh5 33. Nd5 gxh4 34. a4 f5 35. a5 f4 36. a6+ Ka7 37. Nb4 f3 38. Nc6+ Kb6 39. a7 h3 40. a8Q h2+ 41. Kxh2 1-0